Salvador Dalí doma /

Hlavní autor: De Burca, Jackie, 1968-
Další autoři: Valentová, Kateřina
Jazyk: Čeština
Vydáno: Praha : Euromedia Group, 2019
Vydání: Vydání první
Edice: Universum (Euromedia Group)
Témata:
Fyzický popis: 175 stran : ilustrace (převážně barevné), portréty ; 27 cm
Knihy
Uloženo v:
LEADER 02413nam a2200673 i 4500
001 nkc20193099789
003 CZ PrNK
005 20191213090714.0
007 ta
008 190529s2019 xr ac e 001 0bcze
015 |a cnb003099789 
020 |a 978-80-7617-685-0  |q (vázáno) :  |c Kč 599,00 
035 |a (OCoLC)1135611641 
040 |a BOA001  |b cze  |e rda 
041 1 |a cze  |h eng 
043 |a e-sp--- 
045 |a x0x8 
072 7 |a 75  |x Malířství  |2 Konspekt  |9 21 
072 7 |a 929  |x Biografie  |2 Konspekt  |9 8 
080 |a 75.071.1  |2 MRF 
080 |a 75(460)  |2 MRF 
080 |a 7.037.5  |2 MRF 
080 |a 929  |2 MRF 
080 |a (460)  |2 MRF 
080 |a (092)  |2 MRF 
080 |a (084.11)  |2 MRF 
100 1 |a De Burca, Jackie,  |d 1968-  |7 xx0241637  |4 aut 
240 1 0 |a Salvador Dalí at home.  |l Česky 
245 1 0 |a Salvador Dalí doma /  |c Jacke de Burcaová ; z anglického originálu Salvador Dalí at home ... přeložila Kateřina Valentová 
250 |a Vydání první 
264 1 |a Praha :  |b Euromedia Group,  |c 2019 
300 |a 175 stran :  |b ilustrace (převážně barevné), portréty ;  |c 27 cm 
336 |a text  |b txt  |2 rdacontent 
336 |a statický obraz  |b sti  |2 rdacontent 
337 |a bez média  |b n  |2 rdamedia 
338 |a svazek  |b nc  |2 rdacarrier 
490 1 |a Universum 
500 |a Chronologický přehled 
504 |a Obsahuje bibliografii, bibliografické odkazy a rejstřík 
600 1 7 |a Dalí, Salvador,  |d 1904-1989  |7 jn19990210169  |2 czenas 
648 4 |a 1904-1989 
648 7 |a 20. století  |7 ch460558  |2 czenas 
650 0 7 |a malíři  |7 ph122596  |z Španělsko  |y 20. století  |2 czenas 
650 0 7 |a španělské malířství  |7 ph127855  |y 20. století  |2 czenas 
650 0 7 |a surrealismus (umění)  |7 ph126286  |z Španělsko  |2 czenas 
650 0 9 |a painters  |z Spain  |y 20th century  |2 eczenas 
650 0 9 |a Spanish painting  |y 20th century  |2 eczenas 
650 0 9 |a surrealism (art)  |z Spain  |2 eczenas 
655 7 |a biografie  |7 fd131909  |2 czenas 
655 7 |a obrazové publikace  |7 fd132947  |2 czenas 
655 9 |a biography  |2 eczenas 
655 9 |a pictorial works  |2 eczenas 
700 1 |a Valentová, Kateřina  |7 mzk20191056850  |4 trl 
830 0 |a Universum (Euromedia Group)  |0 s 
910 2 |a BOA001  |b 3-1434.941 
990 |a BK 
995 |a 01 
991 |b 201911  |c NOV 
996 6 |b 2610803624  |c 3-1434.941  |l MZK  |r Sklad / do 1 hodiny  |n 0  |p p.v.  |w 001765951  |u 000010  |a 1  |e BOA001  |j MZK50  |s P